Top 10 największych państw europejskich - Statystyki

Ogólne statystyki
  • Ten quiz został rozwiązany 442 razy
  • Średni wynik to 7 z 10
Statystyki odpowiedzi
Odpowiedź % Poprawnych
17,075,4tys.km2 Rosja
99%
603,7tys.km2 Ukraina
85%
543,97tys.km2 Francja
84%
505,99tys.km2 Hiszpania
81%
357tys.km2 Niemcy
71%
312,7tys.km2 Polska
69%
449,9tys.km2 Szwecja
68%
301,3tys.km2 Włochy
58%
338,14tys.km2 Finlandia
54%
324,2tys.km2 Norwegia
53%
Nie znaleziono quizów pasujących do podanych kryteriów
Rozkład punktacji
Procent ludzi z każdym wynikiem
Percentyl według liczby udzielonych odpowiedzi
Twoja historia wyników
Nie rozwiązałeś tego quizu